000 00664nam a2200253Ia 4500
003 OSt
005 20221005060408.0
006 a|||||r|||| 00| 0
007 ta
008 221004b |||||||| |||| 00| 0 eng d
024 _a53160
037 _cTextual
040 _aCRL
_cCRL
_beng
041 _2eng
_aeng
082 _aR39(S:45), N3
100 _aArmstrong D M
245 0 _aMaterialist theory of the mind
260 _aLondon
_bRoutledge
_c1993
300 _a375p.
_ccm.
490 _aInternational Library of Philosophy
650 _aPHILOSOPHY
942 _hR39(S:45), N3
_cTEXL
_2cc
999 _c966605
_d966605